000 00317nam a22001337a 4500
020 _a969-35-1377-0
082 _a910.4 TAR
245 _aDEO SAI
250 _aTARAR, MUSTANSAR HUSSAIN
260 _aLAHORE
_bSANG-E-MEEL PUB
_c2006
300 _a328P
650 _aURDU ADAB-SAFAR NAMA-DEO SAI.
_963153
942 _cBK
999 _c572065
_d572065